000 01046nam a2200253Ia 4500
003 OSt
005 20220923230631.0
006 a|||||r|||| 00| 0
007 ta
008 220922b |||||||| |||| 00| 0 san d
024 _a286,241
037 _cTextual
040 _aARTS
_cARTS
_bsan
041 _2san
_asan
082 _aP15,Cx1,1,6, 152M9.2
100 _aशास्त्री, शिवनारायण
_9156299
245 0 _aवैयाकरण सिद्धान्त कौमुदी उत्तरार्ध भ्वादिगण
246 _aVaiyākaraṇ siddhānta kaumudī uttarārdha bhvādigaṇa
260 _aदिल्ली विश्वविद्यालय
_b हिन्दी माध्यम कार्यान्वय निदेशालय
_c1989
300 _a775पृ0
_ccm.
650 _aहिन्दी भाषा
942 _hP15,Cx1,1,6, 152M9.2
_cTEXL
_2CC
999 _c386190
_d386190